| 000 | 00831nam a2200229Ia 4500 | ||
|---|---|---|---|
| 001 | IA_5341,18/02/2014,18/02/2014,5232272013 mx amnl8222223322spa16," | ||
| 002 | 2013 Dirección: J. Joel E. Corrales García Asesoría: Ma. Teresa Beryl Colinas de León y Ma. Carmen Ybarra Moncada Disponible en CD. | ||
| 008 | 220117s xx 000 0 und d | ||
| 010 | _a184990 | ||
| 090 | _aTesis Q57 2013 | ||
| 100 |
_aQuiroz González _9158358 |
||
| 530 | _aDisponible en PDF | ||
| 650 |
_aCold injury _9148888 |
||
| 650 |
_aLesión por frio _9148889 |
||
| 650 |
_aRefrigeración _995611 |
||
| 650 |
_aRefrigeration _9146930 |
||
| 650 |
_aStenocereus _9109642 |
||
| 700 |
_aCorrales García _9155777 |
||
| 901 | _aasesor | ||
| 942 | _cdir. \ Beryl Colinas de León | ||
| 999 |
_c184990 _d184990 |
||